00736nam a22002292i 450000100060000000300080000600500170001400800410003103500190007204000420009104100080013308200260014110000310016724500410019826000490023930000280028850400510031660000350036761000390040265000190044165100460046025250BD-RjUL20211209050843.0140316r19641935enka b 001 0 eng d a(BD-RjUL)25319 aILUcILUdOCLdUKMdEQOdBD-RjULbeng aeng04a945.091218bFIM 19641 aFiner, Herman,d1898-1969.10aMussolini's Italy /cby Herman Finer aLondon :bFrank Cass and Company Ltd,c1964. a564 p. :bill. ;c22 cm aIncludes bibliographical references and index.10aMussolini, Benito,d1883-1945.20aPartito nazionale fascista (Italy) 0aFascismzItaly 0aItalyxPolitics and governmenty1914-1945